Quizzes
Events
Quiz Creation
Community
Videos
Private Events
Remove Ads
Sign In
Join for FREE
Feedback
Dark Mode
Quiz Categories
Sports
Geography
Music
Movies
Television
Just For Fun
Miscellaneous
History
Literature
Language
Science
Gaming
Entertainment
Religion
Holiday
For Kids
Quiz Lab
Recent
Popular Today
Quiz Kudos Today
Editor Picks
Curator Picks
Quizzes by...
Day
Popularity
Type
Ratings
Length
Year
Community
Subscriptions
Recent Discussions
Orange Saloon
Badges
Playlists
Quests
Create
Leaderboards
Showdown
Live 5
Trivia Bingo
Activity
Puzzle Library
Sporcle Events
Private Events
Virtual Trivia
Globe League
Become a Host
Pub Owners
SporcleCon
Opinionation
Our Games
Videos
Blog
Mobile Apps
Partnerships
Remove Ads and Go Orange
Feedback
Sports
Athletes
MLB
NBA
NHL
NFL
Soccer
Sports Teams
WWE
NCAA
Football
Premier League
Basketball
Baseball
Hockey
Golf
Tennis
Cricket
Rugby
Auto Racing
Olympics
World Cup
Sports
Athletes
MLB
NBA
NHL
NFL
Soccer
Sports Teams
WWE
NCAA
Football
Premier League
Basketball
Baseball
Hockey
Golf
Tennis
Cricket
Rugby
Auto Racing
Olympics
World Cup
Random Quiz
Search Sporcle
×
Quiz Lab
Quiz Lab
Sports
Player
Type in answers that appear in a list
Type in answers that appear in a list
Classic
Best Score? Go Orange.
All-Time Pirates HR Leaders Stats
Can you name the top 50 players with the most home runs in a Pirates uniform?
By
ironsij0287
10m
50 Questions
754 Plays
754 Plays
754 Plays
Comments
Comments
Give Quiz Kudos
Give Quiz Kudos
-
- Ratings
hide this ad
More Info
Replay
Link that replays current quiz
Next Quiz
Link to next quiz in quiz playlist
You Got
0%
They Got
Avg Score
52%
Avg Friend Score
Upgrade to see
Score Distribution
Jump to the score distribution portion of the page
Score
0/50
Timer
10:00
0
Plays Today
Home Runs
Player
% Correct
475
Willie Stargell
98.8%
240
Roberto Clemente
96.9%
176
Barry Bonds
95.5%
114
Bobby Bonilla
89.9%
301
Ralph Kiner
89.7%
166
Dave Parker
86.1%
117
Andy Van Slyke
85.1%
139
Jason Bay
84.6%
138
Bill Mazeroski
81.6%
82
Honus Wagner
78.6%
165
Brian Giles
76.8%
109
Paul Waner
73.6%
67
Jason Kendall
69%
94
Craig Wilson
68.2%
60
Jack Wilson
67.9%
58
Garrett Jones
64.1%
59
Manny Sanguillen
62.9%
68
Bill Madlock
60.9%
78
Jay Bell
59.4%
99
Jeff King
58.4%
136
Kevin Young
58.2%
135
Al Oliver
55.7%
58
Pie Traynor
54%
93
Jason Thompson
53.2%
76
Aramis Ramirez
53.1%
Home Runs
Player
% Correct
107
Al Martin
49.5%
128
Richie Hebner
48.8%
109
Bill Robinson
48.4%
63
Tony Pena
48.4%
57
Sid Bream
48.3%
106
Bob Robertson
44.7%
84
Arky Vaughan
42%
163
Frank Thomas
41.4%
67
Ryan Doumit
39.3%
117
Dick Stuart
38.9%
58
Adam LaRoche
38.3%
60
Nate McLouth
36.6%
69
Richie Zisk
35.7%
65
Orlando Merced
32.4%
72
Bill Virdon
32%
56
Mike Easler
31.6%
67
Max Carey
29.7%
106
Donn Clendenon
27.9%
57
Jim Morrison
22%
90
Bob Skinner
21.1%
79
Gus Suhr
17%
79
Vince DiMaggio
14.5%
74
George Grantham
11.9%
97
Wally Westlake
10.7%
60
Elbie Fletcher
7.2%
Quiz Playlist
Details
Report
Send in Message
Add To Playlist
More Info:
Stats current through 2011 season.
Classic:
Type in answers that appear in a list
Quiz Source
Last Updated: Feb 16, 2017
Quiz Scoreboard
CHALLENGE
Sign Up to Join the Scoreboard
Show All
Scores
Hide
Comments
May contain spoilers
Recently Published
Movies - When Are They Set?
by FPL_Elf
Movies
5m
Popular People in 1961
by mucciniale
History
6m
1-10 Letter E Words III
by El_Dandy
Language
2m
More to Explore
Quiz From the Vault
Featured Blog Post
Where Did the Easter Bunny Come From?
hide this ad
You Might Also Like...
Tags
home
last
pirate
Player
run
team
uniform
Today's Top Quizzes in Sports
Browse Sports
hide this ad
Today's Top Quizzes in Player
Browse Player
Top Contributed Quizzes in Sports
1
Les meilleurs buteurs des matchs entre le PSG et l’OM
2
2022 World Cup Stars
3
FIFA Club World Cup Champions
4
Les entraîneurs de l'OM et du PSG au 21e siècle
5
Name the Premier League winners with different clubs
6
La finale Lions - Afrique du Sud 2021
7
Criteria MLB: Left Handed Sluggers
8
Les joueurs passés par le LOSC et le RC Lens
9
Players with Multiple 50 Home Run Seasons
10
MLB Players with Two .350 Batting Average Seasons
Explore More
Trending Topics
Crossword
NBA
Marvel
Kpop
Harry Potter
Disney
Anime
Country
Puzzle
Soccer
Song
WWE
The Office
Pokémon
NFL
hide this ad
More By:
ironsij0287
Quiz
Plays
Rating
Category
Featured
Created
Alphabetical US States
366,609
4.51
Geography
Sep 9, 2009
NBA Western Scoring Leaders (2000s)
315,049
4.60
Sports
Oct 3, 2010
MLB Home Run Leaders (1990s)
260,130
4.51
Sports
Aug 26, 2009
Beers of the World
255,887
4.10
Miscellaneous
Aug 4, 2009
NBA Eastern Scoring Leaders (2000s)
203,041
4.52
Sports
Oct 3, 2010
Go to Creator's Profile
Score Distribution
Quiz Creator Spotlight
ironsij0287
Follow
Send a Message
Quizzes Created
-
Created Quiz Play Count
-
More By This Creator
Popular Quizzes Today
1
Find the Countries of Europe - No Outlines Minefield
2
Find the US States - No Outlines Minefield
3
The Countries of the World
4
Popular People in 1961
5
US States
6
1-10 Letter E Words III
7
Find the US States
8
One Thing in Common: World Cities II
More Sports Quizzes
MLB Cy Young Finalists (2020s)
Quiz Lab
Trending Quizzes
Risky Map Clicking: Least Populous States A-Z
1-10 Letter F Words
1-10 Letter G Words
One Thing in Common: United Kingdom
Risky Map Clicking: Next State Alphabetically
Recently Updated
Leaping Animals
pecheneg
Reality TV Shows (A-Z)
bhenderson79
Rickey Henderson's Hall of Fame Teammates
pecheneg
Champions League XIs: Arsenal
pecheneg
Quick Pick: Celebrities in WWE's Hall of Fame
aduchscher
A-Z Keypad Blitz II
pecheneg
Multiple Oscar Actors
pecheneg
Mystery Phrase Blitz: Oscar 'Best Actors'
pecheneg
F. Scott Fitzgerald Novels
LTH
Pick 3 Villains
ddd62291
Trending Topics
Disney
Harry Potter
Crossword
Anime
Kpop
NBA
Marvel
The Office
Song
WWE
NFL
Puzzle
Soccer
Pokémon
Country
Your Account Isn't Verified!
In order to create a playlist on Sporcle, you need to verify the email address you used during registration. Go to your
Sporcle Settings
to finish the process.
Report this User
Report this user for behavior that violates our
Community Guidelines
.
Details:
Send Report
Go to the Sporcle.com Mobile Site →
Comments